[Event "4NCL Online Division 6"]
[Site "online"]
[Date "2020.11.17"]
[Round "7.73"]
[White "Henderson, Jason"]
[Black "Garland, Michael A jnr"]
[Result "0-1"]
[WhiteElo "1697"]
[BlackElo "1622"]
[PlyCount "30"]
[EventDate "2020.11.17"]
[WhiteTeam "Calstock Killers"]
[BlackTeam "Harborough Cuatro"]

1. e4 e5 2. f4 d5 3. exd5 e4 4. d3 Qxd5 5. Nc3 Bb4 6. Qe2 Bxc3+ 7. bxc3 Nf6 8.
Ba3 Nc6 9. Nf3 Bf5 10. d4 O-O-O 11. Ne5 Qa5 12. Bb2 Nxd4 13. Qf2 e3 14. Qg3
Nxc2+ 15. Ke2 Rd2+ 0-1

[Event "4NCL Online Division 6"]
[Site "online"]
[Date "2020.11.17"]
[Round "7.74"]
[White "Redding, Jonathan"]
[Black "Hill, Michael"]
[Result "1-0"]
[WhiteElo "1337"]
[BlackElo "1675"]
[PlyCount "79"]
[EventDate "2020.11.17"]
[WhiteTeam "Harborough Cuatro"]
[BlackTeam "Calstock Killers"]

1. d4 Nf6 2. Bf4 e6 3. e3 b6 4. Qf3 c6 5. Nc3 Bb7 6. Bd3 d5 7. a3 Nbd7 8. Nge2
Be7 9. h4 c5 10. Nb5 O-O 11. h5 a6 12. Nd6 Bxd6 13. Bxd6 Re8 14. h6 g6 15. Nf4
e5 16. dxe5 Nxe5 17. Bxe5 Rxe5 18. O-O-O Qe7 19. Qg3 Ne4 20. Bxe4 dxe4 21. Ne2
Re8 22. Nf4 b5 23. Qg4 Bc8 24. Qg3 Bb7 25. Nh5 Rg5 26. Qf4 Rf5 27. Qg3 Rc8 28.
Ng7 Rd5 29. Rxd5 Bxd5 30. Nf5 Qe6 31. Ng7 Qf6 32. Nh5 Qe7 33. Rd1 Rd8 34. f4
exf3 35. gxf3 Qxe3+ 36. Kb1 Qe6 37. Rxd5 Rc8 38. Re5 Qc4 39. Nf6+ Kh8 40. Qe1
1-0

[Event "4NCL Online Division 6"]
[Site "online"]
[Date "2020.11.17"]
[Round "7.81"]
[White "Frean, Daniel J"]
[Black "Brightley-Davies, Ciaran"]
[Result "1-0"]
[WhiteElo "1997"]
[BlackElo "1592"]
[PlyCount "75"]
[EventDate "2020.11.17"]
[WhiteTeam "Broadland Falco Duboisi"]
[BlackTeam "Kent KJCA Kestrels E"]

1. d4 e6 2. c4 Nf6 3. Nc3 Bb4 4. f3 O-O 5. a3 Bxc3+ 6. bxc3 d5 7. cxd5 Nxd5 8.
e4 Nxc3 9. Qb3 Qxd4 10. Bb2 Qe3+ 11. Be2 Nd5 12. Qxe3 Nxe3 13. Kf2 Nxg2 14.
Kxg2 Nc6 15. f4 f6 16. Nf3 Re8 17. e5 fxe5 18. Nxe5 Nxe5 19. Bxe5 c5 20. Bf3
Rd8 21. Rhd1 Bd7 22. Bxb7 Bc6+ 23. Bxc6 Rxd1 24. Rxd1 Rc8 25. Bd7 Rf8 26. Bxe6+
Kh8 27. Rd7 Rg8 28. Bxg8 Kxg8 29. Rxg7+ Kf8 30. Rxh7 c4 31. Kf3 c3 32. Bxc3 a5
33. Ke4 a4 34. Kf5 Kg8 35. Rg7+ Kh8 36. Rb7+ Kg8 37. Kf6 Kf8 38. Rb8# 1-0

[Event "4NCL Online Division 6"]
[Site "online"]
[Date "2020.11.17"]
[Round "7.82"]
[White "Wang, Yong Gui"]
[Black "Hughes, Roy"]
[Result "0-1"]
[WhiteElo "1577"]
[BlackElo "2029"]
[PlyCount "72"]
[EventDate "2020.11.17"]
[WhiteTeam "Kent KJCA Kestrels E"]
[BlackTeam "Broadland Falco Duboisi"]

1. d4 d5 2. Nf3 c6 3. g3 Nf6 4. Bg2 g6 5. O-O Bg7 6. Re1 O-O 7. Nbd2 Bf5 8. c3
Re8 9. Nh4 Bg4 10. h3 Be6 11. e4 dxe4 12. Nxe4 Nxe4 13. Bxe4 Bxh3 14. g4 e6 15.
g5 e5 16. d5 cxd5 17. Bxd5 Nc6 18. Qf3 Be6 19. Bxc6 bxc6 20. Qxc6 Bd5 21. Qc5
Qd7 22. Ng2 Rac8 23. Qa5 Ba8 24. Qa6 Qd5 25. Qf1 Rc4 26. f4 Rec8 27. Be3 exf4
28. Nxf4 Qh1+ 29. Kf2 Qh2+ 30. Ng2 Rg4 31. Ke2 Rxg2+ 32. Kd3 Rd8+ 33. Bd4 Rd2+
34. Kc4 Bxd4 35. cxd4 Rc2+ 36. Kd3 Qd2# 0-1

[Event "4NCL Online Division 6"]
[Site "online"]
[Date "2020.11.17"]
[Round "7.83"]
[White "Saravanan, Karthik"]
[Black "Lettington, David"]
[Result "0-1"]
[WhiteElo "1734"]
[BlackElo "1637"]
[PlyCount "80"]
[EventDate "2020.11.17"]
[WhiteTeam "Broadland Falco Duboisi"]
[BlackTeam "Kent KJCA Kestrels E"]

1. e4 d5 2. exd5 Qxd5 3. Nc3 Qa5 4. Bc4 Nf6 5. d3 c6 6. Bd2 Qc7 7. Qe2 e6 8.
O-O-O Bd6 9. h4 O-O 10. g4 b5 11. Bb3 a5 12. a4 Nbd7 13. Nh3 bxa4 14. Nxa4 Rb8
15. Ng5 Nc5 16. Nxc5 Bxc5 17. Bc3 a4 18. Bxf6 Qf4+ 19. Kb1 Qxf6 20. Qe4 Qg6 21.
Qxa4 Bxf2 22. Qf4 Rxb3 23. cxb3 Bb6 24. Ne4 f5 25. Rdf1 Ba6 26. gxf5 Bxd3+ 27.
Kc1 Qg2 28. Nd2 Bxf1 29. Rxf1 Qd5 30. f6 Rxf6 31. Qb8+ Qd8 32. Qxd8+ Bxd8 33.
Rd1 Rf4 34. Nc4 Bxh4 35. Rd6 Kf7 36. Rxc6 Bg5 37. Kd1 h5 38. Rc5 Kf6 39. b4 h4
40. Nd6 Rd4+ 0-1

[Event "4NCL Online Division 6"]
[Site "online"]
[Date "2020.11.17"]
[Round "7.84"]
[White "Langley, Anthony M"]
[Black "Badger, Paul"]
[Result "0-1"]
[WhiteElo "1577"]
[BlackElo "1750"]
[PlyCount "124"]
[EventDate "2020.11.17"]
[WhiteTeam "Kent KJCA Kestrels E"]
[BlackTeam "Broadland Falco Duboisi"]

1. e4 c5 2. Nc3 e6 3. Nf3 d6 4. Bb5+ Bd7 5. Qe2 a6 6. Bxd7+ Qxd7 7. d3 Ne7 8.
Bf4 Ng6 9. Bg3 Be7 10. O-O-O Nc6 11. d4 cxd4 12. Nxd4 Nxd4 13. Rxd4 O-O 14. e5
d5 15. f4 Bc5 16. Rd3 Ne7 17. Ne4 Rac8 18. Nxc5 Rxc5 19. h4 Rfc8 20. c3 Qa4 21.
a3 Nf5 22. Bf2 Rc4 23. g3 d4 24. Rhd1 g6 25. g4 dxc3 26. Rd8+ Rxd8 27. Rxd8+
Kg7 28. gxf5 cxb2+ 29. Kxb2 Qb5+ 30. Ka2 exf5 31. e6 fxe6 32. Qe5+ Qxe5 33.
fxe5 Rc2+ 34. Kb3 Rxf2 35. Rd7+ Kf8 36. Rxh7 Re2 37. Rxb7 Rxe5 38. Rb8+ Ke7 39.
Ra8 Rb5+ 40. Kc4 Rb6 41. a4 Rd6 42. a5 Kf6 43. Rf8+ Ke5 44. Rg8 Rd4+ 45. Kc5
Rd5+ 46. Kb6 Rd6+ 47. Kc5 Rd4 48. Rxg6 Rxh4 49. Kb6 Rb4+ 50. Kxa6 f4 51. Rg8
Ke4 52. Re8 e5 53. Ka7 f3 54. a6 f2 55. Rf8 Ke3 56. Ka8 Rf4 57. Rxf4 exf4 58.
Kb7 f1=Q 59. a7 Qb5+ 60. Ka8 Qe8+ 61. Kb7 f3 62. a8=Q Qxa8+ 0-1

[Event "4NCL Online Division 6"]
[Site "online"]
[Date "2020.11.17"]
[Round "7.91"]
[White "Hampton, Christopher"]
[Black "Du Boulay, Andrew"]
[Result "1-0"]
[WhiteElo "1978"]
[BlackElo "1780"]
[PlyCount "53"]
[EventDate "2020.11.17"]
[WhiteTeam "Anglia Avengers 3"]
[BlackTeam "Hertford 2"]

1. d4 c6 2. c4 d5 3. Nc3 Nf6 4. e3 Nbd7 5. Nf3 e6 6. b3 Bd6 7. Be2 O-O 8. O-O
Re8 9. Bb2 b6 10. Bd3 Bb7 11. Re1 dxc4 12. bxc4 c5 13. d5 Ne5 14. e4 Ba6 15.
Nxe5 Bxe5 16. Qd2 Qc7 17. g3 Rad8 18. f4 Bd4+ 19. Kg2 Qb7 20. Ne2 Bxb2 21. Qxb2
exd5 22. Nc3 dxe4 23. Be2 e3+ 24. Bf3 Rd2+ 25. Qxd2 Qxf3+ 26. Kxf3 Bb7+ 27. Qd5
1-0

[Event "4NCL Online Division 6"]
[Site "online"]
[Date "2020.11.17"]
[Round "7.92"]
[White "Buswell, A Mark"]
[Black "Kenning, Paul H"]
[Result "0-1"]
[WhiteElo "1787"]
[BlackElo "1922"]
[PlyCount "54"]
[EventDate "2020.11.17"]
[WhiteTeam "Hertford 2"]
[BlackTeam "Anglia Avengers 3"]

1. d4 d5 2. c4 Nc6 3. Nc3 Nf6 4. cxd5 Nxd5 5. e4 Nxc3 6. bxc3 e5 7. d5 Nb8 8.
Nf3 Bd6 9. h3 Nd7 10. Bd3 O-O 11. O-O Nc5 12. Bc2 f5 13. exf5 Bxf5 14. Be3 Qf6
15. Bxf5 Qxf5 16. Bxc5 Bxc5 17. c4 Rae8 18. a4 Qf6 19. Ra2 e4 20. Nh2 Qg6 21.
Qg4 Qa6 22. Qe2 Qg6 23. Ng4 Rf7 24. Ne3 Ref8 25. Ng4 Qf5 26. Ne3 Qf4 27. Qg4
Bxe3 0-1

[Event "4NCL Online Division 6"]
[Site "online"]
[Date "2020.11.17"]
[Round "7.93"]
[White "Marshall, Michael"]
[Black "Wooster, Nick"]
[Result "1-0"]
[WhiteElo "1832"]
[BlackElo "1682"]
[PlyCount "73"]
[EventDate "2020.11.17"]
[WhiteTeam "Anglia Avengers 3"]
[BlackTeam "Hertford 2"]

1. d4 d5 2. Bf4 Nf6 3. e3 Bf5 4. c4 e6 5. Nc3 c6 6. Nf3 Bd6 7. Bxd6 Qxd6 8. Qb3
Qc7 9. cxd5 exd5 10. Rc1 O-O 11. Nxd5 Qa5+ 12. Nc3 Nbd7 13. Be2 Rab8 14. O-O h6
15. Nd2 a6 16. Rfe1 Bg6 17. e4 Rfe8 18. e5 Nd5 19. Nde4 Nf4 20. Bf1 Ne6 21.
Rcd1 Qc7 22. Nd6 Rf8 23. g3 Bh5 24. Be2 Bg6 25. f4 Bh7 26. Bg4 Nb6 27. Bxe6
fxe6 28. Qxe6+ Kh8 29. Qg4 Nd5 30. Nxd5 cxd5 31. Qf3 Qa5 32. a3 Bg8 33. Rc1 Qb6
34. Qc3 Be6 35. b4 Kg8 36. Qc5 Qd8 37. Qc7 1-0

[Event "4NCL Online Division 6"]
[Site "online"]
[Date "2020.11.17"]
[Round "7.94"]
[White "Marshall, Duncan"]
[Black "Stephens, Robert Wynn"]
[Result "0-1"]
[WhiteElo "1727"]
[BlackElo "1787"]
[PlyCount "46"]
[EventDate "2020.11.17"]
[WhiteTeam "Hertford 2"]
[BlackTeam "Anglia Avengers 3"]

1. d4 g6 2. e3 Bg7 3. Bd3 d6 4. f4 Nf6 5. Nf3 Nbd7 6. O-O O-O 7. c3 c5 8. Nbd2
a6 9. Qb3 b5 10. Qd1 Bb7 11. Qe1 Re8 12. f5 e5 13. Qh4 e4 14. Nxe4 Nxe4 15.
Bxe4 Rxe4 16. Qh3 Nf6 17. fxg6 fxg6 18. Ng5 Bc8 19. Qf3 Bg4 20. Qf2 Re8 21. h3
Bf5 22. Qf3 Ne4 23. Qf4 Nxg5 0-1

[Event "4NCL Online Division 6"]
[Site "online"]
[Date "2020.11.17"]
[Round "7.101"]
[White "Buanne, Luca"]
[Black "Murphy, Conor E"]
[Result "0-1"]
[WhiteElo "2005"]
[BlackElo "2395"]
[PlyCount "34"]
[EventDate "2020.11.17"]
[WhiteTeam "Battersea Juniors"]
[BlackTeam "Charlton Cobras"]

1. d4 Nf6 2. c4 e6 3. Nc3 Bb4 4. Qc2 O-O 5. Bg5 c5 6. Nf3 h6 7. Bxf6 Qxf6 8. a3
Bxc3+ 9. Qxc3 b6 10. e3 Bb7 11. Be2 Nc6 12. O-O Rac8 13. Rac1 cxd4 14. Nxd4 e5
15. Nxc6 Rxc6 16. Bf3 Qxf3 17. Qxe5 Rg6 0-1

[Event "4NCL Online Division 6"]
[Site "online"]
[Date "2020.11.17"]
[Round "7.102"]
[White "Morris, David"]
[Black "Agrawal, Shivam"]
[Result "1-0"]
[WhiteElo "1915"]
[BlackElo "1952"]
[PlyCount "63"]
[EventDate "2020.11.17"]
[WhiteTeam "Charlton Cobras"]
[BlackTeam "Battersea Juniors"]

1. e4 c6 2. d4 d5 3. e5 Bf5 4. h4 h5 5. Bg5 Qb6 6. Bd3 Bxd3 7. Qxd3 e6 8. Nd2
c5 9. c4 Nc6 10. cxd5 Nb4 11. Qb3 Nxd5 12. Qa4+ Qc6 13. Qxc6+ bxc6 14. dxc5 f6
15. exf6 gxf6 16. Be3 Nxe3 17. fxe3 Bxc5 18. Ke2 Rb8 19. b3 Nh6 20. Rc1 Nf5 21.
Rxc5 Ng3+ 22. Kf3 Nxh1 23. Ne2 Rg8 24. Rc1 a5 25. Rxh1 a4 26. Rc1 axb3 27. axb3
Rb4 28. Ne4 Ke7 29. Rxc6 Rg4 30. Nd4 f5 31. Rxe6+ Kf7 32. Rf6+ 1-0

[Event "4NCL Online Division 6"]
[Site "online"]
[Date "2020.11.17"]
[Round "7.103"]
[White "Dupuis, Denis K"]
[Black "Jones, Humphrey C N"]
[Result "1-0"]
[WhiteElo "1870"]
[BlackElo "1622"]
[PlyCount "41"]
[EventDate "2020.11.17"]
[WhiteTeam "Battersea Juniors"]
[BlackTeam "Charlton Cobras"]

1. b3 e6 2. Bb2 Bc5 3. d4 Qh4 4. dxc5 Qxf2+ 5. Kxf2 Nf6 6. Bxf6 gxf6 7. Qxd7+
Bxd7 8. c6 Bxc6 9. e4 Na6 10. c4 Nb4 11. e5 Nc2 12. Nc3 Nxa1 13. Bd3 Nc2 14.
Bg6 fxg6 15. Nf3 Nd4 16. exf6 Bxf3 17. f7+ Kxf7 18. Rd1 Ke7 19. Ne4 Kf7 20.
Ng5+ Ke7 21. Rxd4 1-0

[Event "4NCL Online Division 6"]
[Site "online"]
[Date "2020.11.17"]
[Round "7.104"]
[White "Stebbings, Robert J"]
[Black "Chaban, Roxolana"]
[Result "1-0"]
[WhiteElo "1615"]
[BlackElo "1735"]
[PlyCount "27"]
[EventDate "2020.11.17"]
[WhiteTeam "Charlton Cobras"]
[BlackTeam "Battersea Juniors"]

1. e4 c5 2. Nf3 Nc6 3. d4 cxd4 4. Nxd4 g5 5. Bxg5 Nxd4 6. Qxd4 f6 7. Nc3 e5 8.
Qc4 fxg5 9. Nd5 Qa5+ 10. b4 Bxb4+ 11. Kd1 Be1 12. c3 b5 13. Qc5 Kd8 14. Qf8#
1-0

[Event "4NCL Online Division 6"]
[Site "online"]
[Date "2020.11.17"]
[Round "7.111"]
[White "McKeown, Paul"]
[Black "Sarpotdar, Amogh"]
[Result "1-0"]
[WhiteElo "2093"]
[BlackElo "2020"]
[PlyCount "79"]
[EventDate "2020.11.17"]
[WhiteTeam "Cavan Crusaders"]
[BlackTeam "Stroud Middles"]

1. e4 e5 2. f4 d5 3. exd5 e4 4. d3 Qxd5 5. Nc3 Bb4 6. Bd2 Bxc3 7. Bxc3 Nf6 8.
dxe4 Qxe4+ 9. Qe2 O-O 10. Bxf6 Qxe2+ 11. Bxe2 gxf6 12. O-O-O Nc6 13. Nf3 Be6
14. a3 Rad8 15. Rxd8 Rxd8 16. Rd1 Rxd1+ 17. Kxd1 Bd5 18. c4 Be4 19. Kd2 f5 20.
Ke3 f6 21. g3 Kf7 22. Nd2 Bc2 23. b4 Ke6 24. c5 a6 25. Bc4+ Ke7 26. Bd5 Nd8 27.
Nf3 c6 28. Bg8 h6 29. Nd4 Be4 30. Bh7 Kf7 31. Nxf5 Bxf5 32. Bxf5 Ne6 33. Bxe6+
Kxe6 34. g4 f5 35. g5 h5 36. h4 Kd5 37. Kd3 Ke6 38. Kd4 Kf7 39. Ke5 Kg6 40. Ke6
1-0

[Event "4NCL Online Division 6"]
[Site "online"]
[Date "2020.11.17"]
[Round "7.113"]
[White "Nugent, Brian"]
[Black "Davis, Cameron"]
[Result "0-1"]
[WhiteElo "1650"]
[BlackElo "1487"]
[PlyCount "86"]
[EventDate "2020.11.17"]
[WhiteTeam "Cavan Crusaders"]
[BlackTeam "Stroud Middles"]

1. e4 c5 2. Bc4 e6 3. Nc3 Nc6 4. a3 Nf6 5. d3 d5 6. exd5 exd5 7. Ba2 Be7 8.
Nge2 Be6 9. O-O O-O 10. Bg5 h6 11. Bh4 g5 12. Bg3 Nh5 13. Kh1 Nxg3+ 14. Nxg3
Qd7 15. Qh5 Kh7 16. f4 Bg4 17. Nxd5 Bxh5 18. Nxh5 Kg6 19. Ng3 f6 20. f5+ Kh7
21. Rae1 Ne5 22. c3 Rae8 23. d4 Nc6 24. dxc5 Bxc5 25. Rd1 Qc8 26. b4 Bb6 27.
Nh5 Bd8 28. c4 Re2 29. Bb3 Ne5 30. c5 Ng4 31. Kg1 b6 32. Nc3 Re3 33. Be6 Rxe6
34. fxe6 Qxe6 35. Rfe1 Qc4 36. Ne4 bxc5 37. Nxc5 Bb6 38. Rd7+ Rf7 39. Rxf7+
Qxf7 40. Ng3 Qb3 41. h3 Qxg3 42. hxg4 Qxe1+ 43. Kh2 Qe5+ 0-1

[Event "4NCL Online Division 6"]
[Site "online"]
[Date "2020.11.17"]
[Round "7.114"]
[White "Sarpotdar, Angad"]
[Black "Ferguson, John M"]
[Result "1-0"]
[WhiteElo "1450"]
[BlackElo "1553"]
[PlyCount "93"]
[EventDate "2020.11.17"]
[WhiteTeam "Stroud Middles"]
[BlackTeam "Cavan Crusaders"]

1. e4 c5 2. Nc3 d6 3. f4 Nc6 4. Nf3 Bg4 5. Bb5 Qb6 6. d3 e6 7. Be3 Be7 8. O-O
O-O-O 9. a4 Nd4 10. a5 Qc7 11. Bxd4 cxd4 12. Ne2 e5 13. c3 dxc3 14. Rc1 Kb8 15.
Rxc3 Qxa5 16. Qb3 Be6 17. Bc4 b6 18. Bxe6 fxe6 19. Qxe6 Bf6 20. Qf7 Nh6 21.
Qc7+ Ka8 22. Qc6+ Kb8 23. f5 Qa6 24. Ra3 Qb7 25. Qxb7+ Kxb7 26. Rfa1 Ra8 27. b4
Ng4 28. Nc3 Ne3 29. R1a2 Rhc8 30. h3 g5 31. Kf2 g4 32. Kxe3 gxf3 33. Kxf3 a6
34. Nd5 Bg5 35. f6 Bxf6 36. Ne3 Bg5 37. Nf5 Rf8 38. Ke2 Bc1 39. Rc3 Bg5 40.
Nxd6+ Kb8 41. Rac2 a5 42. Rc8+ Rxc8 43. Rxc8+ Ka7 44. Nb5+ Kb7 45. Nd6+ Ka7 46.
Rc7+ Ka6 47. b5# 1-0

[Event "4NCL Online Division 6"]
[Site "online"]
[Date "2020.11.17"]
[Round "7.121"]
[White "Hossain Mohammed, Ashraf"]
[Black "Nancarrow, Richard"]
[Result "1-0"]
[WhiteElo "1750"]
[BlackElo "1540"]
[PlyCount "95"]
[EventDate "2020.11.17"]
[WhiteTeam "Enfield 1"]
[BlackTeam "Jan Luke's Wrecking Crew"]

1. e4 e5 2. Bc4 Nf6 3. d4 d6 4. dxe5 dxe5 5. Bxf7+ Ke7 6. Qxd8+ Kxd8 7. Nc3 Bb4
8. Bg5 Bxc3+ 9. bxc3 Ke7 10. Bb3 Rd8 11. Nf3 Nc6 12. h3 Be6 13. O-O Kf7 14. Bh4
h6 15. Rfe1 Re8 16. Bg3 Nd7 17. Rad1 Rad8 18. Rd2 Bxb3 19. cxb3 Nc5 20. Rxd8
Nxd8 21. Nxe5+ Ke6 22. f3 c6 23. Rd1 a5 24. Nc4 a4 25. b4 Nd7 26. Rd6+ Ke7 27.
Rg6 Ne6 28. Nd6 Rb8 29. Nf5+ Kf7 30. Rxe6 Kxe6 31. Bxb8 Nxb8 32. Nxg7+ Ke5 33.
Kf2 Nd7 34. Ke3 c5 35. f4+ Kd6 36. Nf5+ Kc6 37. Nxh6 cxb4 38. cxb4 a3 39. Nf5
Kb5 40. Nd6+ Kxb4 41. Nxb7 Kc3 42. Na5 Kb2 43. e5 Kxa2 44. e6 Nf6 45. g4 Kb2
46. Nc4+ Kb3 47. Nxa3 Kxa3 48. g5 1-0

[Event "4NCL Online Division 6"]
[Site "online"]
[Date "2020.11.17"]
[Round "7.122"]
[White "Macphail, Kieran"]
[Black "McNish, David"]
[Result "0-1"]
[WhiteElo "1472"]
[BlackElo "1727"]
[PlyCount "104"]
[EventDate "2020.11.17"]
[WhiteTeam "Jan Luke's Wrecking Crew"]
[BlackTeam "Enfield 1"]

1. e4 c5 2. Nf3 d6 3. Bb5+ Bd7 4. Bxd7+ Nxd7 5. O-O Ngf6 6. Qe2 g6 7. c3 Bg7 8.
d4 cxd4 9. cxd4 O-O 10. Nc3 a6 11. a4 Qb8 12. e5 dxe5 13. dxe5 Ng4 14. e6 Nde5
15. Nxe5 Nxe5 16. Bf4 f6 17. Nd5 Qd6 18. Rfd1 Qxe6 19. Nc7 Qf5 20. Bxe5 fxe5
21. Nxa8 Rxa8 22. Qf3 Qc2 23. Qxb7 Rf8 24. Qd5+ Kh8 25. Rd2 Qf5 26. Rad1 Bh6
27. Re2 Bg7 28. Qd7 Qf6 29. Qa7 h6 30. Red2 Kh7 31. Rd3 e4 32. R3d2 Rf7 33. Re2
e5 34. Rd7 Qc6 35. Red2 Qc1+ 36. Rd1 Qxd1+ 37. Rxd1 Rxa7 38. Rb1 Rd7 39. b4 Bf6
40. b5 axb5 41. axb5 Bd8 42. Kf1 Bb6 43. Ke2 g5 44. Rb4 Rd4 45. Rb1 Kg6 46. Ra1
Rb4 47. Ra6 Rxb5 48. g4 Kf7 49. Ra2 Bd4 50. Kf1 Rb2 51. Ra6 Rxf2+ 52. Ke1 Rxh2
0-1

[Event "4NCL Online Division 6"]
[Site "online"]
[Date "2020.11.17"]
[Round "7.123"]
[White "O'Caolaidhe, Cormac"]
[Black "Spargo, Philip J"]
[Result "1-0"]
[WhiteElo "1555"]
[BlackElo "1420"]
[PlyCount "89"]
[EventDate "2020.11.17"]
[WhiteTeam "Enfield 1"]
[BlackTeam "Jan Luke's Wrecking Crew"]

1. d4 d5 2. Nc3 e6 3. Nf3 Nf6 4. Bg5 Be7 5. Qd3 Nfd7 6. h4 Bxg5 7. hxg5 g6 8.
O-O-O Nc6 9. e4 Nb6 10. exd5 Nxd5 11. Nxd5 Qxd5 12. c4 Qa5 13. a3 Qf5 14. Qxf5
gxf5 15. Ne5 Nxe5 16. dxe5 Bd7 17. f4 O-O-O 18. Bd3 Bc6 19. Rh2 Rdg8 20. b4 b6
21. c5 Bd5 22. Ba6+ Bb7 23. Bxb7+ Kxb7 24. cxb6 axb6 25. Rd7 Rf8 26. Rh6 Kc8
27. Rd3 Rd8 28. Kc2 Rxd3 29. Kxd3 c6 30. Kc4 Kc7 31. Rh4 Kb7 32. g4 fxg4 33.
Rxg4 Rg8 34. Rh4 Rg7 35. Rh2 Kc7 36. a4 Kb7 37. b5 cxb5+ 38. Kxb5 Ka7 39. Rd2
Kb8 40. Kxb6 Rg8 41. Rd7 Rf8 42. a5 Ka8 43. a6 Rb8+ 44. Rb7 Rf8 45. a7 1-0

[Event "4NCL Online Division 6"]
[Site "online"]
[Date "2020.11.17"]
[Round "7.124"]
[White "James, John"]
[Black "Kapur, Gul"]
[Result "1-0"]
[WhiteElo "1277"]
[BlackElo "1532"]
[PlyCount "151"]
[EventDate "2020.11.17"]
[WhiteTeam "Jan Luke's Wrecking Crew"]
[BlackTeam "Enfield 1"]

1. d4 d5 2. Bf4 c6 3. c3 Nf6 4. e3 Bf5 5. Nf3 Nbd7 6. Bd3 Bg6 7. Bxg6 hxg6 8.
Nbd2 Qb6 9. Qb3 Qxb3 10. axb3 Nh5 11. Bg3 Nxg3 12. fxg3 e6 13. Ne5 Bd6 14. Ndf3
Nf6 15. O-O-O Ne4 16. Rdf1 g5 17. Nd2 f6 18. Nxe4 dxe4 19. Nc4 Bc7 20. b4 Kd7
21. Nd2 f5 22. Nc4 b5 23. Ne5+ Bxe5 24. dxe5 a5 25. Rd1+ Ke7 26. Kc2 axb4 27.
cxb4 Rad8 28. h3 Rd5 29. Rxd5 exd5 30. Kc3 Ke6 31. Kd4 Rc8 32. Rc1 Kd7 33. Ra1
Rc7 34. Rf1 Ke6 35. g4 g6 36. gxf5+ gxf5 37. g4 Rf7 38. b3 f4 39. Rf2 f3 40.
Kc5 Kd7 41. Kd4 Rf8 42. Kc5 Ra8 43. e6+ Kc7 44. Kd4 Re8 45. Ke5 Re7 46. Ra2 Kb7
47. Rf2 Kc7 48. Ra2 Kb7 49. Kf6 Rh7 50. e7 Rh6+ 51. Kf7 Rh7+ 52. Ke6 Rh8 53.
Kd7 Rh7 54. Kd8 Rh8+ 55. e8=Q Rxe8+ 56. Kxe8 Kb6 57. Kf7 c5 58. bxc5+ Kxc5 59.
Kf6 Kb4 60. Kxg5 Kxb3 61. Rf2 Kc3 62. h4 Kd3 63. h5 Kxe3 64. Rf1 Ke2 65. Rh1 f2
66. h6 d4 67. h7 e3 68. h8=Q d3 69. Qb2+ Kf3 70. Rh3+ Kg2 71. Rxe3 Kg1 72. Qb1+
f1=Q 73. Qxf1+ Kxf1 74. Rxd3 Ke2 75. Rc3 Kd2 76. Rb3 1-0

[Event "4NCL Online Division 6"]
[Site "online"]
[Date "2020.11.17"]
[Round "7.131"]
[White "Brennan, D Ross"]
[Black "Wilson, Michael GA"]
[Result "1-0"]
[WhiteElo "2027"]
[BlackElo "1675"]
[PlyCount "57"]
[EventDate "2020.11.17"]
[WhiteTeam "Welwyn Hatfield"]
[BlackTeam "Redbridge All Sorts 2"]

1. d4 d5 2. Nf3 Nf6 3. g3 e6 4. Bg2 c6 5. O-O Nbd7 6. c4 dxc4 7. a4 a5 8. Qc2
Be7 9. Nbd2 Nb6 10. Nxc4 Nxc4 11. Qxc4 O-O 12. Bg5 Qd5 13. Ne5 Qxc4 14. Nxc4 h6
15. Bxf6 gxf6 16. Rfc1 Rd8 17. e3 c5 18. Nb6 Ra6 19. Nxc8 Rxc8 20. Bxb7 Rac6
21. Bxc8 Rxc8 22. dxc5 Rxc5 23. Rxc5 Bxc5 24. Rc1 Bb4 25. Rc8+ Kg7 26. Rc4 Bd2
27. Kf1 Kf8 28. Ke2 Bb4 29. Rxb4 1-0

[Event "4NCL Online Division 6"]
[Site "online"]
[Date "2020.11.17"]
[Round "7.132"]
[White "Keehner, John R"]
[Black "Roderick, Andrew"]
[Result "0-1"]
[WhiteElo "1667"]
[BlackElo "1787"]
[PlyCount "30"]
[EventDate "2020.11.17"]
[WhiteTeam "Redbridge All Sorts 2"]
[BlackTeam "Welwyn Hatfield"]

1. e4 e6 2. d4 a6 3. Nf3 b5 4. c3 Bb7 5. Be2 Bxe4 6. Nbd2 Bd5 7. O-O Nf6 8. Ne5
d6 9. Nd3 Nbd7 10. Nf4 Bb7 11. Bf3 Bxf3 12. Nxf3 c5 13. d5 e5 14. Re1 Be7 15.
Nd3 e4 0-1

[Event "4NCL Online Division 6"]
[Site "online"]
[Date "2020.11.17"]
[Round "7.133"]
[White "White, David"]
[Black "Sharman, Jay"]
[Result "1-0"]
[WhiteElo "1810"]
[BlackElo "1607"]
[PlyCount "55"]
[EventDate "2020.11.17"]
[WhiteTeam "Welwyn Hatfield"]
[BlackTeam "Redbridge All Sorts 2"]

1. e4 c5 2. Nf3 e6 3. d4 cxd4 4. Nxd4 a6 5. Nc3 Bb4 6. Bd2 Nf6 7. e5 Bxc3 8.
Bxc3 Nd5 9. Bd2 Nc6 10. Nxc6 bxc6 11. Qg4 Rg8 12. c4 Ne7 13. Bd3 Bb7 14. Bxh7
Rf8 15. Qxg7 Qb6 16. Bc3 O-O-O 17. Be4 Nf5 18. Qf6 Rg8 19. g3 Ne3 20. Bd3 c5
21. Rg1 Nf5 22. Bxf5 exf5 23. Qxb6 f4 24. Qxc5+ Kb8 25. O-O-O f3 26. Qb6 Ka8
27. Rd6 Bc8 28. Bd4 1-0

[Event "4NCL Online Division 6"]
[Site "online"]
[Date "2020.11.17"]
[Round "7.134"]
[White "White, Nigel"]
[Black "Elder, Kidge"]
[Result "1/2-1/2"]
[WhiteElo "1442"]
[BlackElo "1615"]
[PlyCount "129"]
[EventDate "2020.11.17"]
[WhiteTeam "Redbridge All Sorts 2"]
[BlackTeam "Welwyn Hatfield"]

1. e4 c5 2. c3 Nc6 3. d4 cxd4 4. cxd4 e6 5. d5 exd5 6. exd5 Bb4+ 7. Nc3 Ne5 8.
f4 Ng6 9. Nf3 Qc7 10. Qd4 Bxc3+ 11. Qxc3 Qxc3+ 12. bxc3 Nf6 13. c4 O-O 14. Bd3
Re8+ 15. Kf1 Nf8 16. g3 Ne4 17. Kg2 Nc5 18. Re1 Rxe1 19. Nxe1 d6 20. Ba3 b6 21.
Bc2 Nfd7 22. Nf3 Nf6 23. Re1 Bd7 24. Nd4 Re8 25. Rxe8+ Nxe8 26. h3 h6 27. g4
Nc7 28. Kf3 Kf8 29. Ke3 b5 30. Bb3 a5 31. cxb5 Nxb5 32. Nxb5 Bxb5 33. Kd4 Nb7
34. Bc2 Ke7 35. Bb2 Bf1 36. h4 Be2 37. g5 hxg5 38. hxg5 Bb5 39. Ke3 Nc5 40.
Bxg7 Bc4 41. Bb3 Nxb3 42. axb3 Bxb3 43. Ke4 a4 44. Bb2 Bc2+ 45. Kd4 f6 46. Ba3
fxg5 47. fxg5 Bb3 48. g6 Kf6 49. Bxd6 Kxg6 50. Ke5 Kf7 51. Ba3 Ba2 52. d6 Ke8
53. Bb4 Kd7 54. Ba3 Bg8 55. Bb4 Be6 56. Ba3 Bh3 57. Kd5 Be6+ 58. Kc5 Bf7 59.
Kb6 Bg6 60. Kc5 Bc2 61. Kd5 Bb3+ 62. Kc5 Bd1 63. Bb4 Bb3 64. Ba3 Be6 65. Bb4
1/2-1/2

[Event "4NCL Online Division 6"]
[Site "online"]
[Date "2020.11.17"]
[Round "7.141"]
[White "Lampard, Alice"]
[Black "Zhang, Zheming"]
[Result "0-1"]
[WhiteElo "2005"]
[BlackElo "2102"]
[PlyCount "90"]
[EventDate "2020.11.17"]
[WhiteTeam "Wells Globetrotters"]
[BlackTeam "Forest Hall Juniors"]

1. e4 e6 2. d3 d5 3. Qe2 Nf6 4. Nf3 b6 5. g3 Bb7 6. e5 Nfd7 7. Bg2 c5 8. O-O
Be7 9. c4 d4 10. Nbd2 Nc6 11. Nb3 Qc7 12. Bf4 h6 13. h4 Nf8 14. Nbd2 Ng6 15. a3
O-O-O 16. Rfe1 Kb8 17. Ne4 Nxf4 18. gxf4 Rdf8 19. Ng3 g6 20. Rab1 f5 21. exf6
Rxf6 22. Ne5 Nxe5 23. fxe5 Rf4 24. h5 Bxg2 25. Kxg2 Rhf8 26. Rf1 gxh5 27. Qxh5
Qc6+ 28. Kg1 Rg8 29. Qh1 Qc8 30. Qh3 Rh4 31. Qg2 h5 32. Qf3 Rhg4 33. Kh2 Rf8
34. Qe2 Rh4+ 35. Kg2 Qc6+ 36. f3 Rhf4 37. Ne4 Rg8+ 38. Ng3 h4 39. Kf2 hxg3+ 40.
Ke1 g2 41. Rg1 Bh4+ 42. Kd2 Qxf3 43. Qxf3 Rxf3 44. Rbd1 Rf5 45. Kc2 Bf2 0-1

[Event "4NCL Online Division 6"]
[Site "online"]
[Date "2020.11.17"]
[Round "7.142"]
[White "Fearnhead, Ben"]
[Black "Strong, Chris M"]
[Result "1-0"]
[WhiteElo "1810"]
[BlackElo "1795"]
[PlyCount "65"]
[EventDate "2020.11.17"]
[WhiteTeam "Forest Hall Juniors"]
[BlackTeam "Wells Globetrotters"]

1. e4 c5 2. d4 cxd4 3. c3 dxc3 4. Nxc3 Nc6 5. Nf3 g6 6. Bc4 Bg7 7. e5 e6 8. Qe2
Nge7 9. Ne4 O-O 10. Bg5 Qa5+ 11. Bd2 Qc7 12. Nf6+ Kh8 13. h4 d5 14. h5 Nxe5 15.
Nxe5 Bxf6 16. Bc3 dxc4 17. hxg6 fxg6 18. Qf3 Kg7 19. Ng4 Nd5 20. Nxf6 Nxf6 21.
O-O-O e5 22. Rde1 Bg4 23. Qe3 h5 24. Bxe5 Qa5 25. Qd4 Qb6 26. Bxf6+ Qxf6 27.
Re7+ Kh6 28. Qxf6 Rxf6 29. f3 Bf5 30. Rxb7 a5 31. Rg1 Bd3 32. g4 Rxf3 33. g5#
1-0